communes des Pyrénées-Orientales - Statistiques

Statistiques générales
  • Ce quiz a été pris 17 fois
  • Le résultat moyen est 30 sur 229
Statistiques - réponses
Hint Réponse % Correct
A Argelès sur Mer
71%
P | Préfecture Perpignan
71%
C Canet en Roussillon
57%
C Cerbère
50%
C | Sous-Préfecture Céret
50%
P | Sous-Préfecture Prades
50%
B Banyuls-sur-Mer
43%
C Collioure
43%
E Elne
43%
B Le Barcarès
43%
M Millas
43%
P Port-Vendres
43%
S Saint-Cyprien
43%
I Ille-sur-Tet
36%
P Pia
36%
R Rivesaltes
36%
A Amélie Les Bains
29%
A Arles sur Tech
29%
B Bélesta
29%
C Cabestany
29%
E Estagel
29%
F Fuilla
29%
S Le Soler
29%
R Rodès
29%
S Saint-Laurent-de-la-Salanque
29%
S Sournia
29%
T Tautavel
29%
T Toreilles
29%
V Villefranche-de-Conflent
29%
V Vinça
29%
A Alénya
21%
B Baixas
21%
B Bompas
21%
C Claira
21%
L Laroque des Albères
21%
B Le Boulou
21%
M Los Masos
21%
M Maury
21%
O Opoul-Périllos
21%
P Py
21%
S Saint-Féliu-D'Amont
21%
S Saint-Féliu-D'Avall
21%
S Saint-Paul-de-Fenouillet
21%
T Thuir
21%
T Trouillas
21%
V Vernet-les-Bains
21%
V Villelongue-de-la-Salanque
21%
V Villeneuve-de-la-Raho
21%
B Bages
14%
B Baho
14%
B Boule-D'Amont
14%
B Bouleternère
14%
B Bourg-Madame
14%
C Canohès
14%
C Caramany
14%
C Casteil
14%
E Estavar
14%
E Eus
14%
F Fenouillet
14%
F Fillols
14%
F Finestret
14%
F Fontpédrouse
14%
F Font-Romeu-Odeillo-Via
14%
F Formiguères
14%
J Joch
14%
L Latour-Bas-Elne
14%
L Latour-de-France
14%
P Le Perthus
14%
A Les Angles
14%
L Lupia
14%
M Mantet
14%
M Marquixanes
14%
M Matemale
14%
M Molitg-Les-Bains
14%
M Montalba-Le-Chateau
14%
M Mont-Louis
14%
M Mosset
14%
N Néfiach
14%
N Nyer
14%
O Olette
14%
O Oms
14%
O Osséja
14%
P Palau-Del-Vidre
14%
P Peyrestortes
14%
P Planèzes
14%
R Rigarda
14%
S Sainte-Marie-de-la-Mer
14%
S Saint-Estève
14%
S Saint-Laurent-de-Cerdans
14%
S Saint-Nazaire
14%
S Serdinya
14%
T Tarerach
14%
T Taurinya
14%
T Toulouges
14%
T Trévillach
14%
U Ur
14%
V Villelongue-dels-Monts
14%
V Villemolaque
14%
V Vingrau
14%
A Ansignan
7%
A Arboussols
7%
B Banyuls-dels-Aspres
7%
B Bolquère
7%
B Brouilla
7%
C Calce
7%
C Campôme
7%
C Cases-de-Pène
7%
C Castelnou
7%
C Catllar
7%
C Clara-Villerach
7%
C Codalet
7%
C Corbère
7%
C Corbère-les-Cabanes
7%
C Corneilla-de-Conflent
7%
C Corneilla-del-Vercol
7%
C Corneilla-la-Rivière
7%
C Corsavy
7%
C Coustouges
7%
E Egat
7%
E Enveitg
7%
E Err
7%
E Espira-de-Conflent
7%
E Espira-de-L'Agly
7%
E Estoher
7%
E Eyne
7%
F Fontrabiouse
7%
F Fourques
7%
G Glorianes
7%
J Jujols
7%
A L'Albère
7%
L La Llagonne
7%
L Lamanère
7%
L Latour-de-Carol
7%
C Les Cluses
7%
L Lesquerde
7%
T Le Tech
7%
V Le Vivier
7%
L Llauro
7%
M Maureillas-Las-Illas
7%
M Montbolo
7%
M Montesquieu-des-Albères
7%
M Montferrer
7%
M Montner
7%
N Nohèdes
7%
O Ortaffa
7%
P Palau-De-Cerdagne
7%
P Pézilla-la-Rivière
7%
P Pollestres
7%
P Porté-Puymorens
7%
P Prats-De Mollo-La-Preste
7%
P Prats-de-Sournia
7%
P Prunet-et-Belpuig
7%
R Rabouillet
7%
R Railleu
7%
R Réal
7%
R Reynès
7%
R Ria-Sirach
7%
S Sahorre
7%
S Saint-André
7%
S Saint-Génis-des-Fontaines
7%
S Saint-Hippolyte
7%
S Saint-Jean-Lasseille
7%
S Saint-Jean-Pla-de-Corts
7%
S Saint-Marsal
7%
S Saint-Michel-de-Llotes
7%
S Saleilles
7%
S Salses-le-Chateau
7%
S Serralongue
7%
S Sorède
7%
T Taillet
7%
T Taulis
7%
T Thèza
7%
T Tresserre
7%
U Urbanya
7%
V Valmanya
7%
V Villeneuve-la-Rivière
7%
A Angoustrine-Villeneuve les Escaldes
0%
A Ayguatébia-Talau
0%
B Baillestavy
0%
C Caixas
0%
C Calmeilles
0%
C Camélas
0%
C Campoussy
0%
C Canaveilles
0%
C Casefabre
0%
C Cassagnes
0%
C Caudiès-de-Conflent
0%
C Caudiès-de-Fenouillèdes
0%
C Conat
0%
D Dorres
0%
E Escaro
0%
F Felluns
0%
F Fosse
0%
B La Bastide
0%
C La Cabanasse
0%
L Lansac
0%
L Llo
0%
M Montauriol
0%
M Montescot
0%
N Nahuja
0%
O Oreilla
0%
P Passa
0%
P Pézilla-de-Conflent
0%
P Planés
0%
P Ponteilla
0%
P Porta
0%
P Prugnanes
0%
P Puyvalador
0%
R Rasiguères
0%
S Saillagouse
0%
S Saint-Arnac
0%
S Sainte-Colombe-de-la-Commanderie
0%
S Sainte-Léocadie
0%
S Saint-Martin-de-Fenouillet
0%
S Saint-Pierre-dels-Forcats
0%
S Sansa
0%
S Sauto
0%
S Souanyas
0%
T Targasonne
0%
T Terrats
0%
T Thuès-Entre-Valls
0%
T Tordères
0%
T Treilla
0%
V Valcebollère
0%
V Vira
0%
V Viviès
0%
Aucun quiz correspondant
Distribution des résultats
% des personnes avec chaque résultat
Percentile par nombre de réponses
Votre historique - résultats
Vous n’avez pas pris ce quiz